Gesture: visible action as utterance
Na minha lista:
| Autor principal: | |
|---|---|
| Formato: | Livro |
| Idioma: | inglês |
| Publicado em: |
Cambridge
Cambridge University Press
2004
|
| Edição: | 1a. ed |
| Assuntos: | |
| Tags: |
Adicionar Tag
Sem tags, seja o primeiro a adicionar uma tag!
|
MARC
| LEADER | 00000cam a2200000 a 4500 | ||
|---|---|---|---|
| 001 | UCC0323 | ||
| 003 | CL-VaPUC | ||
| 008 | 170804e20040000uk |||||||||||||||||eng|d | ||
| 020 | |a 9780521542937 | ||
| 082 | 0 | 4 | |a 808.51 |b KEN |2 21 |
| 100 | 0 | |a Kendon, Adam |e author |9 594236 | |
| 245 | 1 | 0 | |a Gesture: visible action as utterance |
| 250 | |a 1a. ed | ||
| 300 | |a 400 p | ||
| 942 | |c BK | ||
| 945 | |d 20170804 10:38:00 |a dcastane | ||
| 260 | |a Cambridge |b Cambridge University Press |c 2004 | ||
| 650 | 7 | |a GESTOS |2 CL-VaPUC |9 594237 | |
| 650 | 0 | |a Comunicación no verbal |9 270761 | |
| 583 | |a last modification |c 20170804 10:38:00 |k Rodrigo Vera | ||
| 999 | |c 369184 |d 369182 | ||
| 952 | |0 0 |1 0 |3 erb |4 0 |6 808_510000000000000_KEN_2004 |7 0 |8 A |9 484775 |a FDOPOS |b FDOPOS |i 5412919 |o 808.51 KEN 2004 |p 5412919 |r 2025-01-22 |w 2019-11-24 |y BK |z Catalogado en:20170804 |k DLA | ||